000 00468cam a22001812 4500
001 0000002753
005 20151217155817.0
008 070419s xx 000 0 eng d
040 _aKABU
_cKABU
050 0 _aPR9381.9
_b.K37L36
100 1 _aKaroki, John.
_@0000152267
245 1 4 _aThe Land is ours.
260 _aNairobi :
_bEALB,
_c1970.
300 _a255 p.
908 _a070419
950 _@1
999 _c12731
_d12731